01525agaaa2200301 45000010005000000030009000050050017000140070009000310080040000400400023000800410013001031000045001161300020001612450150001812500022003312600108003533000034004615080174004955110032006695200191007015380009008925460013009016500069009147000067009837000057010507000059011077000057011660710IT-RoPAU20220918181245.0d cvaizq50131s9999||||xx ||| | || ||und|| aIT-RoPAUcIT-RoPAU aITALIANO aOlmi ErmannogCodice regista SPICS: 3081 aE VENNE UN UOMO aE VENNE UN UOMOcSceneggiatura: Olmi Ermanno Labella Vincenzo -- Diretto da: Olmi ErmannopE VENNE UN UOMO (Rif. Codice opera principale : V0710) aEdizione Standard a(ITALIA)bSOL. PRODUZIONI / Distribuzione: SPF FIRENZEg"1965 (1° ed.: 1993 ; Ed. Lingua Orig.: 1965)" a16MMbsonoro, col.c86 minuti a"Fotografia: Portalupi Piero; Montaggio: Colombo Carla; Musica: Potenza Franco; Sceneggiatura: Olmi Ermanno Labella Vincenzo; Soggetto: Olmi Ermanno -- Labella Vincenzo" a"Steiger Rud; Celi; Adolfo" aLA VITA DI GIOVANNI XXIII RICOSTRUITA ATTRAVERSO LA LETTURA DEL SUO DIARIOSPIRITUALE, DALL'INFANZIA A SOTTO IL MONTE SINO ALL'ELEZIONE A PAPA. FILM A COLORI. PELLICOLA IN MEDIOCRE STATO. aMONO aITALIANO aBIOGRAFICOePELLICOLE CINEMA [16 MM]xCodice MATERIA SPICS: 9955 aLabella Vincenzo e(soggetto)gCodice Soggetto 2° SPICS: 4959 aOlmi Ermanno e(regista)gCodice regista SPICS: 3081 aOlmi Ermanno e(soggetto)gCodice Soggetto SPICS: 3081 aPotenza Francoe(musica)gCodice Musica SPICS: 38639